000 00312nam a2200121Ia 4500
008 230822s2001 xx 000 0 und d
020 _a0-470-84229-6
041 _aeng
100 _aSMITH DAVID LEE
245 _aENVIRONMENTAL ISSUES FOR ARCHITECTURE
260 _bJOHN WILEY AND SONS LTD
_c2001
300 _a112
999 _c859483
_d859483